000 00366nam a2200145Ia 4500
003 OSt
005 20231221071842.0
008 170524s9999 xx 000 0 und d
020 _a9788126124565
040 _cIIMT UNIVERSITY
100 _aKUNDRA S
245 0 _aIntroduction to Advertising and Public Relations
260 _bANMOL PUB. : NEW DELHI
942 _2ddc
_c02
999 _c9225
_d9225